000 00350nam a2200121Ia 4500
008 220217s9999||||xx |||||||||||||| ||und||
082 _a004.22 STA
100 _aStallings, William
245 0 _aComputer organization and architecture
260 _aPearson education of asia
_bNew Delhi
_c2007
300 _b330
650 _aCOMPUTER ARCHITECTURE
999 _c175103
_d175103